| 000 | 00503nam a2200181 i 4500 | ||
|---|---|---|---|
| 001 | 21728 | ||
| 003 | ES-MaACL | ||
| 005 | 20231220204003.0 | ||
| 007 | t| | ||
| 008 | 021127s1978 sp ||||1| spa d | ||
| 100 | 1 |
_aAleixandre, Vicente, _d1898-1984 _919688 |
|
| 245 | 1 | 0 |
_aDiálogos del conocimiento / _cVicente Aleixandre. |
| 250 | _a[1ª ed.]. | ||
| 260 |
_aBarcelona : _bPlaza & Janés, _c[1978] |
||
| 300 |
_a151 p. ; _c18 cm. |
||
| 852 |
_aES-MaACL _jA-9179 _bR.97511 |
||
| 999 |
_c21728 _d21728 |
||